|
|
|
|
| LEADER |
00000nam a2200000 a 4500 |
| 001 |
vtls010315237 |
| 003 |
SK-MaSNL |
| 005 |
20260302011930.0 |
| 008 |
130117s2001 xo f u 000 0 slo |
| 015 |
|
|
|a SNBN2014
|
| 020 |
|
|
|c (cen. skup. 3)
|
| 040 |
|
|
|a SNK
|b slo
|c SNK
|e AACR2
|
| 041 |
0 |
|
|a slo
|
| 044 |
|
|
|a xo
|c SK
|
| 046 |
|
|
|a s
|m 200110 (účin.)
|
| 072 |
|
7 |
|a 645
|x Nábytok
|2 konspekt
|
| 072 |
|
7 |
|a 684
|x Nábytkársky priemysel
|2 konspekt
|
| 080 |
|
|
|a 645.4/.6
|2 2001
|
| 080 |
|
|
|a 006.86
|2 2001
|
| 080 |
|
|
|a (437.6)
|2 2001
|
| 080 |
|
|
|a 645.417
|2 2001
|
| 080 |
|
|
|a 684.4.07
|2 2001
|
| 084 |
|
|
|a 97.140
|2 ICS
|
| 245 |
0 |
0 |
|a STN 91 0222/Z2: 2001, Nábytok. Skúšanie čalúneného sedacieho nábytku. Zmena 2
|
| 246 |
1 |
0 |
|a Nábytok
|
| 246 |
1 |
0 |
|a Skúšanie čalúneného sedacieho nábytku
|
| 260 |
|
|
|a Bratislava
|b Slovenský ústav technickej normalizácie
|c 2001
|
| 300 |
|
|
|a 2 s.
|c 30 cm
|
| 540 |
|
|
|a STN vydané na akomkoľvek nosiči sa môžu rozmnožovať a rozširovať iba so súhlasom určenej právnickej osoby
|b SÚTN Bratislava
|c zákon 264/1999 Z. z.
|
| 650 |
0 |
7 |
|a nábytok
|2 SNKPH
|9 3744
|
| 650 |
0 |
7 |
|a technické normy a štandardy
|z Slovensko
|2 SNKPH
|9 79594
|
| 650 |
0 |
7 |
|a Furniture
|2 SNKPHeng
|9 300443
|
| 650 |
0 |
7 |
|a čalúnený nábytok
|2 SNKPH
|9 70157
|
| 650 |
0 |
7 |
|a Upholstered furniture
|2 SNKPHeng
|9 425087
|
| 655 |
|
7 |
|a normy
|2 SNKPH
|9 70643
|
| 774 |
1 |
8 |
|t STN 91 0222: 1986
|d Bratislava : Slovenský ústav technickej normalizácie, 1986
|
| 999 |
|
|
|c 1007885
|d 1009815
|
| 952 |
|
|
|a SNK
|b SNK
|y PREZ
|7 0
|p 17A0718854
|o snkSTN 91 0222/Z2
|i snk2011/20230
|8 0
|0 0
|1 0
|4 0
|d 2011-09-30
|l 0
|r 2026-02-24 12:41:47
|w 2026-02-24
|
| 952 |
|
|
|a SNK
|b SNK
|y PREZ
|7 0
|p 17A0718853
|o snkSTN 91 0222/Z2 D1
|i snk2011/20231
|8 0
|0 0
|1 0
|4 0
|d 2011-09-30
|l 0
|r 2026-02-24 12:41:47
|w 2026-02-24
|